01107 2200373 4500001002100000005001500021035002000036007000300056040001600059100003700075245005100112250001300163300003900176041000800215082001000223084001600233090002200249264003700271336002100308337003000329338002300359650001400382850001000396008004100406020001800447700003800465700004400503700004200547700004900589504002900638990002100667990002100688990002400709INLIS00000000000771020260601082228 a0010-0922000199ta aSBUPADbInd0 aMulyoto HardjosentonoePengarang1 aMesin-Mesin Pertanian /cMulyoto Hardjosentono a.-Cet.14 axii, 193 hlm :bilus ;c20 x 14 cm07aInd a631.3 a631.3 MUL m a631.2 KAS s L18-7 a.--Jakarta :bBumi Aksara,c2002 2rdacontentateks 2rdamediaatanpa perantara 2rdacarrieravolume 4aPertanian aPUPAD260601 0  a979-526-322-60 aPengarang ke-2, WijatoePengarang0 aPengarang ke-3, Elon RachlanePengarang0 aPengarang ke-4, I.W. BadraePengarang0 aPengarang ke-5, R. Dadang TarmanaePengarang abibliografi, hlm 191-193 a7727/ARPUS-PDG08 a7726/ARPUS-PDG08 a7504/ARPUS/PDG/2008